000 00825nas a2200265 4500
001 BR9203538
003 BR-BrBNA
005 20231205092647.0
007 ta
008 230509b bl.|||p| |||| 00| 00por d
040 _aBR-BrBNA
_bpor
_cBiblioteca Nacional de Agricultura
041 _a(Pt)
072 _aL72
100 1 _aSilva, N.R.S. da
100 1 _aAraujo, F.A.P.
100 1 _aChaplin, E.L.
245 1 _aEimeridios de ovinos constatados no municipio de Porto Alegre
650 _aCOCCIDEO
650 _aOVINO
650 _aPORTO ALEGRE
650 _aRIO GRANDE DO SUL
773 0 _tArquivos da Faculdade de Veterinaria da Universidade Federal do Rio Grande do Sul (Brazil)
_xISSN 0101-5230
_g(1987-1988), v. 15-16 p. 41-45
_wBR9203538
909 _a202311
_bLúcia
_c55
_dLúcia Elande
942 _2AGRIS
_n0
_cANA
999 _c133218
_d133218